000 00672nam a2200241 i 4500
001 C2-0228362
003 PPAK
005 20180728155454.0
008 000816s1997 my |||| ||||| | may d
020 _a9836215204
040 _aPPAK
_beng
_cPPAK
_erda
082 0 4 _a899.23301
_223
090 0 0 _a899.23301
_bOTH
_dG
245 0 0 _aBagai camar di lautan
264 1 _aKuala Lumpur :
_bDewan Bahasa dan Pustaka ,
_c1997
300 _axv, 210 pages ;
_c18 cm
336 _2rdacontent
_atext
337 _2rdamedia
_aunmediated
338 _2rdacarrier
_avolume
650 1 0 _aShort stories, Malay ; Malay fiction
700 0 _aOthman Puteh,
_ecompile
942 _ddc
_cB
999 _c148215
_d148215